000 00702nam a22001937a 4500
999 _c171029
_d171029
005 20200103105648.0
010 _a319306
020 _c9.00
_a-
035 _aA319306
037 _bBPPD
082 _a841
100 _aسر د ا ر ا نو ر خا ن ا نو ر
245 _aلمعا ت ا نو ر
_cسر د ا ر ا نو ر خا ن ا نو ر
246 _aLumhat-e-Anwer (Urdu)
_bby Sardar Anwer Khan Anwer
260 _aMumbai
_c1962 ء
_bDarul Ashaat,Adabiat-e-Anwer
270 _bMumbai
_k-
_e3
_a14/6B.I.T. Block,Abrahim Rehmatullah Road,
300 _a584 ص
_c22 cm(hb)
942 _2ddc
_cUR
_h841
_mا ن و